000 00491nam a2200169Ia 4500
003 GCL
008 140319s9999 xx 000 0 ara d
040 _aGCL /
_cGCL
082 0 4 _a812
_bر ب
100 1 _aرافت الدويرى
245 1 0 _aبدائع الفهلوان فى وقائع الازمان /
_cرافت الدويرى
300 _a159 ص
490 _aكتاب المواهب
_v0
650 0 4 _aالمسرح
650 0 4 _aالمسرحيات العربية
942 _2ddc
_cBK
999 _c39385
_d39385